000 00766nam a22002297a 4500
999 _c16276
_d16276
003 AR-CdUCM
008 190502b ||||| |||| 00| 0 spa d
040 _aMUNICIPALIDAD PROVINCIAL DEL CUSCO
_cBIBLIOTECA MUNICIPAL DEL CUSCO
082 _a335.411 /
_bC70
100 _aKonstantinov, F. V.
_928175
245 _aIntroducción al materialismo histórico /
260 _aMéxico :
_bGrijalbo ;
_c1973.
300 _a158 páginas ;
_c18 cm.
440 _aColección 70
_n128
_935625
505 _aContenido : El materialismo a histórico -- La historia -- El materialismo ...
650 _aMaterialismo
_95459
650 _aHistoria
_9136
650 _aPolítica
_9291
700 _aB. I. Kon, Kedrov
_935626
942 _2ddc
_cLIBROS
945 _arah
_d02/05/2019